TRUMP 2.0 ระเบียบโลกใหม่ยุค America first / (ระเบียนเลขที่ 107605)
| 000 -LEADER | |
|---|---|
| fixed length control field | 02016nam a22002777a 4500 |
| 003 - CONTROL NUMBER IDENTIFIER | |
| control field | NALT |
| 005 - DATE AND TIME OF LATEST TRANSACTION | |
| control field | 20260123122231.0 |
| 008 - FIXED-LENGTH DATA ELEMENTS--GENERAL INFORMATION | |
| fixed length control field | 251223b th ||||| |||| 00| 0 tha d |
| 020 ## - INTERNATIONAL STANDARD BOOK NUMBER | |
| International Standard Book Number | 9789740219866 |
| 040 ## - CATALOGING SOURCE | |
| Original cataloging agency | NALT |
| 050 ## - LIBRARY OF CONGRESS CALL NUMBER | |
| Classification number | E 912 |
| Item number | ป329ท 2568 |
| 100 0# - MAIN ENTRY--PERSONAL NAME | |
| Personal name | ประพีร์ อภิชาติสกล. |
| 9 (RLIN) | 67172 |
| 245 10 - TITLE STATEMENT | |
| Title | TRUMP 2.0 ระเบียบโลกใหม่ยุค America first / |
| Statement of responsibility, etc. | ประพีร์ อภิชาติสกล. |
| 250 ## - EDITION STATEMENT | |
| Edition statement | พิมพ์ครั้งแรก. |
| 260 ## - PUBLICATION, DISTRIBUTION, ETC. | |
| Place of publication, distribution, etc. | กรุงเทพฯ : |
| Name of publisher, distributor, etc. | มติชน, |
| Date of publication, distribution, etc. | 2568. |
| 300 ## - PHYSICAL DESCRIPTION | |
| Extent | 191 หน้า : |
| Other physical details | ภาพประกอบ, ตาราง, แผนที่ ; |
| Dimensions | 21 ซม. |
| 505 2# - FORMATTED CONTENTS NOTE | |
| Formatted contents note | บทนำ -- 1 Look back to look forwad: America first ในนโยบายต่างประเทศของประธานาธิบดีโดนัลด์ ทรัมป์สมัยแรก -- 2 America first in action นโยบายต่างประเทศในทางปฏิบัติของประธานาธิบดีนัลด์ ทรัมป์ สมัยแรก -- 3 Fast and furious การกลับมาของ America first ในนโยบายต่างประเทศของประธานาธิบดีโดนัลด์ ทรัมป์ สมัยที่ 2 -- บทสรุปส่งท้าย. |
| 600 14 - SUBJECT ADDED ENTRY--PERSONAL NAME | |
| Personal name | ทรัมป์, โดนัลด์ เจ. |
| Dates associated with a name | ค.ศ. 1946- |
| 9 (RLIN) | 12509 |
| 650 #4 - SUBJECT ADDED ENTRY--TOPICAL TERM | |
| Topical term or geographic name entry element | นโยบายต่างประเทศ |
| Geographic subdivision | สหรัฐอเมริกา |
| 9 (RLIN) | 29679 |
| 651 #4 - SUBJECT ADDED ENTRY--GEOGRAPHIC NAME | |
| Geographic name | สหรัฐอเมริกา |
| General subdivision | ความสัมพันธ์กับต่างประเทศ |
| 9 (RLIN) | 32703 |
| 942 ## - ADDED ENTRY ELEMENTS (KOHA) | |
| Koha item type | General Book |
| Source of classification or shelving scheme | Library of Congress Classification |
| 996 ## - STAFF PROCESSING RECORDS (NALT) | |
| Staff name | jidapa.t |
| Staff type | ACQSTF |
| Acquisition or Cataloging date | 2025-12-23 |
| 996 ## - STAFF PROCESSING RECORDS (NALT) | |
| Staff name | varee.k |
| Staff type | LIBSTF |
| Acquisition or Cataloging date | 2025-12-25 |
| 996 ## - STAFF PROCESSING RECORDS (NALT) | |
| Staff name | saiphon.d |
| Staff type | CATSTF |
| Acquisition or Cataloging date | 2025-12-26 |
| 998 ## - STAFF NAME (NALT) | |
| -- | 111 |
| -- | นางสาวพจพิณ พรมเอี่ยม |
| Withdrawn status | Lost status | Source of classification or shelving scheme | Damaged status | Not for loan | Collection code | Home library | Current library | Shelving location | Date acquired | Source of acquisition | Total Checkouts | Full call number | Barcode | Date last seen | Date last checked out | Price effective from | Koha item type |
|---|---|---|---|---|---|---|---|---|---|---|---|---|---|---|---|---|---|
| Library of Congress Classification | General Book collection | National Assembly Library of Thailand | National Assembly Library of Thailand | General Book shelves | 23/12/2025 | 20 | 1 | E 912 ป329ท 2568 | 3961215987 | 06/02/2026 | 23/01/2026 | 23/12/2025 | General Book |
